| 000 | 01170nam a22003737a 4500 | ||
|---|---|---|---|
| 001 | 0028495 | ||
| 003 | KOHA_MİRAKIL | ||
| 005 | 20260207002631.0 | ||
| 007 | ta | ||
| 008 | 110315b2011 tu a|||gr||||#||||0|tur | | ||
| 020 | _a9789756760420 | ||
| 040 |
_aTR-BiSEU _btur _cTR-BiSEU _erda |
||
| 041 | 0 | _atur | |
| 044 | _ctu | ||
| 050 |
_aRC847.5.E53 _bK35 2011 |
||
| 100 | 1 | _aKalkay, M. Nuri. | |
| 245 | 1 |
_aERCP/ _cM. Nuri Kalkay ; N.Nur Kalkay ; yay.haz. Oya Uygur Bayramiçili, A.Melih Özel. |
|
| 264 | 1 |
_aİstanbul : _bT.C. Maltepe Üniversitesi Yayınları _c2011 |
|
| 300 |
_a82 sayfa : _bres. ; _c22 cm |
||
| 336 |
_ametin _btxt _2rdacontent |
||
| 337 |
_aaracısız _bn _2rdamedia |
||
| 338 |
_acilt _bnc _2rdacarrier |
||
| 490 | 0 | _aT.C. | |
| 490 | 0 | _aMaltepe Üniversitesi Yayınları. | |
| 490 | 0 | _aNo.44 (2011/3) | |
| 500 | _aKaynakça var. | ||
| 505 |
_a _x |
||
| 650 | 0 |
_aEndoscopic retrograde cholangiopancreatography. _956429 |
|
| 650 | 0 |
_aCholangiopancreatography, Endoscopic Retrograde. _956430 |
|
| 830 | 0 |
_aT.C. _96297 |
|
| 830 | 0 |
_aMaltepe Üniversitesi Yayınları. _956431 |
|
| 830 | 0 |
_aNo.44 (2011/3) _956432 |
|
| 942 |
_2lcc _cBK |
||
| 999 |
_c28417 _d28417 |
||